000 00423nam a2200169Ia 4500
999 _c52
_d52
003 OSt
005 20210902135350.0
008 190216s9999||||xx |||||||||||||| ||und||
040 _coclc
082 _a297
_bINT/F
100 _aNull
245 0 _aAl Fahd Jil Mugdand Islami /
260 _bInter Law Publishing House,
300 _a82p
650 _aArabic
942 _cBK
_2ddc
_h297
_iINT/F
_k297
_mINT/F